[Event "Rapid Tournament (RAP)"]
[Site "Biel, CH"]
[Date "2025.07.13"]
[Round "3"]
[White "Tkhoruk, Roman"]
[Black "Koehler, Noe"]
[Result "1-0"]
[Board "23"]
[WhiteFideId "34161589"]
[BlackFideId "1362488"]
[WhiteElo "2004"]
[BlackElo "1680"]
[WhiteTeam "SUI"]
[BlackTeam "SUI"]
[WhiteClock "0:04:59"]
[BlackClock "0:00:24"]
[Variant "Standard"]

1. Nf3 {[%clk 0:15:08]}  c5 {[%clk 0:15:02]} 2. g3 {[%clk 0:15:11]}  Nf6 {[%clk 0:15:04]} 3. Bg2 {[%clk 0:15:15]}  e6 {[%clk 0:15:08]} 4. O-O {[%clk 0:15:17]}  Be7 {[%clk 0:15:12]} 5. d3 {[%clk 0:15:18]}  O-O {[%clk 0:15:11]} 6. e4 {[%clk 0:15:20]}  d6 {[%clk 0:14:58]} 7. c3 {[%clk 0:15:23]}  Nbd7 {[%clk 0:14:58]} 8. Qc2 {[%clk 0:15:24]}  Rb8 {[%clk 0:14:59]} 9. Nbd2 {[%clk 0:15:22]}  b6 {[%clk 0:15:03]} 10. Re1 {[%clk 0:15:18]}  Bb7 {[%clk 0:15:06]} 11. Nf1 {[%clk 0:15:20]}  h6 {[%clk 0:14:34]} 12. h4 {[%clk 0:15:11]}  e5 {[%clk 0:14:21]} 13. N1h2 {[%clk 0:15:10]}  Nh7 {[%clk 0:14:14]} 14. Be3 {[%clk 0:14:26]}  Bc8 {[%clk 0:14:17]} 15. Qd2 {[%clk 0:14:26]}  Ndf6 {[%clk 0:14:01]} 16. Qe2 {[%clk 0:13:47]}  Ng4 {[%clk 0:13:51]} 17. Qf1 {[%clk 0:13:31]}  Nxh2 {[%clk 0:13:37]} 18. Nxh2 {[%clk 0:13:20]}  Nf6 {[%clk 0:13:15]} 19. Bh3 {[%clk 0:13:04]}  Bxh3 {[%clk 0:13:09]} 20. Qxh3 {[%clk 0:13:06]}  Qc8 {[%clk 0:13:13]} 21. Qg2 {[%clk 0:12:47]}  Ng4 {[%clk 0:13:07]} 22. Nxg4 {[%clk 0:12:25]}  Qxg4 {[%clk 0:13:11]} 23. c4 {[%clk 0:12:28]}  Rfe8 {[%clk 0:12:44]} 24. Kh2 {[%clk 0:12:24]}  a6 {[%clk 0:12:32]} 25. f3 {[%clk 0:12:07]}  Qd7 {[%clk 0:12:36]} 26. b3 {[%clk 0:12:08]}  b5 {[%clk 0:12:20]} 27. Red1 {[%clk 0:11:32]}  b4 {[%clk 0:11:56]} 28. Qh3 {[%clk 0:11:18]}  Qxh3+ {[%clk 0:11:38]} 29. Kxh3 {[%clk 0:11:22]}  Rf8 {[%clk 0:11:32]} 30. Rf1 {[%clk 0:11:09]}  Kh7 {[%clk 0:11:24]} 31. g4 {[%clk 0:11:04]}  g5 {[%clk 0:11:08]} 32. hxg5 {[%clk 0:10:40]}  Bxg5 {[%clk 0:11:12]} 33. f4 {[%clk 0:10:43]}  exf4 {[%clk 0:10:42]} 34. Bxf4 {[%clk 0:10:46]}  Bxf4 {[%clk 0:10:39]} 35. Rxf4 {[%clk 0:10:49]}  Kg6 {[%clk 0:10:41]} 36. Raf1 {[%clk 0:10:49]}  f6 {[%clk 0:10:17]} 37. Rf5 {[%clk 0:10:46]}  Rbe8 {[%clk 0:09:58]} 38. Rd5 {[%clk 0:10:39]}  Re6 {[%clk 0:09:05]} 39. Kg3 {[%clk 0:09:41]}  a5 {[%clk 0:08:46]} 40. Kf4 {[%clk 0:09:31]}  Rfe8 {[%clk 0:08:16]} 41. a3 {[%clk 0:09:20]}  Ra8 {[%clk 0:07:27]} 42. d4 {[%clk 0:08:37]}  Rae8 {[%clk 0:05:22]} 43. Re1 {[%clk 0:08:31]}  Rc8 {[%clk 0:04:45]} 44. axb4 {[%clk 0:07:11]}  axb4 {[%clk 0:04:26]} 45. Ra1 {[%clk 0:06:39]}  Rce8 {[%clk 0:04:30]} 46. Re1 {[%clk 0:06:24]}  Rc8 {[%clk 0:04:20]} 47. dxc5 {[%clk 0:06:18]}  Rxc5 {[%clk 0:03:14]} 48. Red1 {[%clk 0:05:57]}  Rxd5 {[%clk 0:00:51]} 49. Rxd5 {[%clk 0:05:59]}  Re7 {[%clk 0:00:16]} 50. Rb5 {[%clk 0:05:33]}  Ra7 {[%clk 0:00:18]} 51. Rxb4 {[%clk 0:05:32]}  Ra3 {[%clk 0:00:19]} 52. Rb6 {[%clk 0:05:34]}  Kf7 {[%clk 0:00:19]} 53. b4 {[%clk 0:05:27]}  Ra4 {[%clk 0:00:23]} 54. c5 {[%clk 0:05:10]}  dxc5 {[%clk 0:00:22]} 55. bxc5 {[%clk 0:05:12]}  Ra5 {[%clk 0:00:23]} 56. Rc6 {[%clk 0:05:11]}  Rb5 {[%clk 0:00:23]} 57. Kf5 {[%clk 0:05:13]}  Ra5 {[%clk 0:00:25]} 58. Rxf6+ {[%clk 0:05:15]}  Kg7 {[%clk 0:00:24]} 59. Rc6 {[%clk 0:04:59]} 1-0

[Event "Rapid Tournament (RAP)"]
[Site "Biel, CH"]
[Date "2025.07.13"]
[Round "3"]
[White "Di Meo, Quentin"]
[Black "Fragniere, Thierry"]
[Result "1-0"]
[Board "24"]
[WhiteFideId "1338498"]
[BlackFideId "1306537"]
[WhiteElo "1821"]
[BlackElo "2110"]
[WhiteTeam "SUI"]
[BlackTeam "FRA"]
[WhiteClock "0:00:11"]
[BlackClock "0:00:15"]
[Variant "Standard"]

1. Nf3 {[%clk 0:15:07]}  d5 {[%clk 0:15:08]} 2. b3 {[%clk 0:15:08]}  c5 {[%clk 0:15:05]} 3. e3 {[%clk 0:15:03]}  Nc6 {[%clk 0:15:07]} 4. Bb2 {[%clk 0:15:01]}  Bg4 {[%clk 0:15:06]} 5. Be2 {[%clk 0:14:57]}  Nf6 {[%clk 0:15:04]} 6. O-O {[%clk 0:14:42]}  e6 {[%clk 0:14:50]} 7. d4 {[%clk 0:14:26]}  Be7 {[%clk 0:14:33]} 8. Nbd2 {[%clk 0:14:00]}  O-O {[%clk 0:14:31]} 9. c4 {[%clk 0:13:45]}  Rc8 {[%clk 0:14:29]} 10. a3 {[%clk 0:12:53]}  h6 {[%clk 0:13:59]} 11. Re1 {[%clk 0:12:35]}  Qd7 {[%clk 0:11:46]} 12. h3 {[%clk 0:10:04]}  Bh5 {[%clk 0:11:38]} 13. Ne5 {[%clk 0:08:06]}  Bxe2 {[%clk 0:09:24]} 14. Nxd7 {[%clk 0:07:23]}  Bxd1 {[%clk 0:09:25]} 15. Nxf6+ {[%clk 0:07:07]}  Bxf6 {[%clk 0:09:15]} 16. Rexd1 {[%clk 0:06:59]}  cxd4 {[%clk 0:09:08]} 17. e4 {[%clk 0:06:20]}  Rfd8 {[%clk 0:07:56]} 18. cxd5 {[%clk 0:05:47]}  exd5 {[%clk 0:07:51]} 19. Rac1 {[%clk 0:05:05]}  Bg5 {[%clk 0:05:34]} 20. exd5 {[%clk 0:03:52]}  Rxd5 {[%clk 0:05:20]} 21. Rc4 {[%clk 0:03:38]}  Bxd2 {[%clk 0:04:08]} 22. Rxd2 {[%clk 0:03:40]}  Rcd8 {[%clk 0:04:07]} 23. Kf1 {[%clk 0:02:54]}  f5 {[%clk 0:03:37]} 24. f3 {[%clk 0:02:49]}  Kf7 {[%clk 0:03:38]} 25. b4 {[%clk 0:02:35]}  a6 {[%clk 0:03:28]} 26. a4 {[%clk 0:02:29]}  g5 {[%clk 0:03:05]} 27. Kf2 {[%clk 0:01:39]}  h5 {[%clk 0:02:57]} 28. Ba1 {[%clk 0:01:17]}  R8d6 {[%clk 0:02:41]} 29. Bb2 {[%clk 0:01:06]}  Ke6 {[%clk 0:02:39]} 30. Ba1 {[%clk 0:00:47]}  b5 {[%clk 0:01:28]} 31. Rc1 {[%clk 0:00:22]}  Nxb4 {[%clk 0:01:26]} 32. axb5 {[%clk 0:00:16]}  axb5 {[%clk 0:01:23]} 33. Kf1 {[%clk 0:00:15]}  g4 {[%clk 0:00:47]} 34. hxg4 {[%clk 0:00:16]}  hxg4 {[%clk 0:00:51]} 35. Bb2 {[%clk 0:00:19]}  gxf3 {[%clk 0:00:42]} 36. gxf3 {[%clk 0:00:20]}  Ke5 {[%clk 0:00:42]} 37. Ba3 {[%clk 0:00:17]}  Nc6 {[%clk 0:00:19]} 38. Bxd6+ {[%clk 0:00:19]}  Rxd6 {[%clk 0:00:18]} 39. Re1+ {[%clk 0:00:17]}  Kd5 {[%clk 0:00:22]} 40. Re8 {[%clk 0:00:16]}  Kc4 {[%clk 0:00:19]} 41. Rc8 {[%clk 0:00:17]}  Kc3 {[%clk 0:00:21]} 42. Ra2 {[%clk 0:00:12]}  Kb4 {[%clk 0:00:11]} 43. Rc2 {[%clk 0:00:09]}  Ne5 {[%clk 0:00:11]} 44. Rf8 {[%clk 0:00:07]}  Nc4 {[%clk 0:00:13]} 45. Kf2 {[%clk 0:00:08]}  d3 {[%clk 0:00:15]} 46. Rc1 {[%clk 0:00:08]}  d2 {[%clk 0:00:15]} 47. Rd1 {[%clk 0:00:11]} 1-0

[Event "Rapid Tournament (RAP)"]
[Site "Biel, CH"]
[Date "2025.07.13"]
[Round "3"]
[White "Drechsler, Christoph"]
[Black "Smith, Alister W"]
[Result "1-0"]
[Board "25"]
[WhiteFideId "1305280"]
[BlackFideId "433284"]
[WhiteElo "2067"]
[BlackElo "1822"]
[WhiteTeam "SUI"]
[BlackTeam "ENG"]
[WhiteClock "0:07:24"]
[BlackClock "0:02:19"]
[Variant "Standard"]

1. d4 {[%clk 0:15:07]}  d5 {[%clk 0:15:09]} 2. Nf3 {[%clk 0:15:11]}  e6 {[%clk 0:15:13]} 3. e3 {[%clk 0:15:15]}  Nf6 {[%clk 0:15:15]} 4. Bd3 {[%clk 0:15:19]}  b6 {[%clk 0:15:19]} 5. Ne5 {[%clk 0:15:23]}  Bb7 {[%clk 0:15:17]} 6. f4 {[%clk 0:15:20]}  Nbd7 {[%clk 0:15:15]} 7. Nd2 {[%clk 0:15:18]}  Be7 {[%clk 0:15:04]} 8. Qf3 {[%clk 0:15:21]}  c5 {[%clk 0:14:48]} 9. c3 {[%clk 0:15:24]}  cxd4 {[%clk 0:14:17]} 10. exd4 {[%clk 0:15:27]}  Qc7 {[%clk 0:12:52]} 11. O-O {[%clk 0:15:26]}  a5 {[%clk 0:12:31]} 12. Rf2 {[%clk 0:14:50]}  Ba6 {[%clk 0:12:31]} 13. Bc2 {[%clk 0:14:54]}  b5 {[%clk 0:12:14]} 14. Qg3 {[%clk 0:13:58]}  g6 {[%clk 0:12:10]} 15. Ndf3 {[%clk 0:13:41]}  Nh5 {[%clk 0:10:40]} 16. Qh3 {[%clk 0:13:41]}  Ng7 {[%clk 0:09:39]} 17. g4 {[%clk 0:12:37]}  Nxe5 {[%clk 0:07:08]} 18. fxe5 {[%clk 0:11:08]}  O-O-O {[%clk 0:06:11]} 19. Bh6 {[%clk 0:10:55]}  Ne8 {[%clk 0:05:51]} 20. Ng5 {[%clk 0:10:52]}  Bxg5 {[%clk 0:05:52]} 21. Bxg5 {[%clk 0:10:55]}  Rd7 {[%clk 0:05:54]} 22. a4 {[%clk 0:10:32]}  Qb6 {[%clk 0:05:09]} 23. Bd3 {[%clk 0:08:28]}  h5 {[%clk 0:04:19]} 24. Qf1 {[%clk 0:07:50]}  hxg4 {[%clk 0:02:45]} 25. axb5 {[%clk 0:07:54]}  Bb7 {[%clk 0:02:28]} 26. Rxf7 {[%clk 0:07:43]}  Rh7 {[%clk 0:02:21]} 27. Rxh7 {[%clk 0:07:29]}  Rxh7 {[%clk 0:02:19]} 28. Qf8 {[%clk 0:07:24]} 1-0

[Event "Rapid Tournament (RAP)"]
[Site "Biel, CH"]
[Date "2025.07.13"]
[Round "3"]
[White "Beck, Thomas"]
[Black "Bai, Xue"]
[Result "0-1"]
[Board "26"]
[WhiteFideId "1304909"]
[BlackFideId "8608717"]
[WhiteElo "1809"]
[BlackElo "2035"]
[WhiteTeam "SUI"]
[BlackTeam "CHN"]
[WhiteClock "0:03:52"]
[BlackClock "0:12:11"]
[Variant "Standard"]

1. g3 {[%clk 0:15:09]}  d5 {[%clk 0:15:09]} 2. Bg2 {[%clk 0:15:12]}  e6 {[%clk 0:15:12]} 3. c4 {[%clk 0:15:12]}  Nf6 {[%clk 0:15:15]} 4. d4 {[%clk 0:15:09]}  Bb4+ {[%clk 0:15:16]} 5. Bd2 {[%clk 0:14:57]}  Be7 {[%clk 0:15:19]} 6. Qc2 {[%clk 0:14:39]}  c6 {[%clk 0:15:18]} 7. Nf3 {[%clk 0:14:30]}  Nbd7 {[%clk 0:15:20]} 8. Nc3 {[%clk 0:14:26]}  b6 {[%clk 0:15:22]} 9. O-O {[%clk 0:14:22]}  Bb7 {[%clk 0:15:24]} 10. e4 {[%clk 0:14:22]}  dxc4 {[%clk 0:15:24]} 11. e5 {[%clk 0:14:11]}  Nd5 {[%clk 0:15:24]} 12. Ne4 {[%clk 0:14:13]}  b5 {[%clk 0:14:41]} 13. h4 {[%clk 0:13:55]}  h6 {[%clk 0:14:43]} 14. Nh2 {[%clk 0:11:46]}  Qb6 {[%clk 0:14:39]} 15. Be3 {[%clk 0:11:18]}  Nxe3 {[%clk 0:13:59]} 16. fxe3 {[%clk 0:11:20]}  c5 {[%clk 0:14:02]} 17. Nf3 {[%clk 0:08:41]}  cxd4 {[%clk 0:13:17]} 18. Nd6+ {[%clk 0:07:30]}  Bxd6 {[%clk 0:13:13]} 19. exd6 {[%clk 0:07:33]}  d3 {[%clk 0:12:53]} 20. Qc3 {[%clk 0:07:10]}  Qxe3+ {[%clk 0:12:54]} 21. Kh2 {[%clk 0:07:14]}  O-O {[%clk 0:12:27]} 22. a4 {[%clk 0:05:10]}  a6 {[%clk 0:12:17]} 23. Qb4 {[%clk 0:04:07]}  Qc5 {[%clk 0:12:08]} 24. Qxc5 {[%clk 0:03:52]}  Nxc5 {[%clk 0:12:11]} 0-1

[Event "Rapid Tournament (RAP)"]
[Site "Biel, CH"]
[Date "2025.07.13"]
[Round "3"]
[White "Groux, Mathias"]
[Black "Laub, Patrick"]
[Result "1/2-1/2"]
[Board "27"]
[WhiteFideId "1360752"]
[BlackFideId "1302566"]
[WhiteElo "1804"]
[BlackElo "2018"]
[WhiteTeam "SUI"]
[BlackTeam "SUI"]
[WhiteClock "0:00:00"]
[BlackClock "0:00:56"]
[Variant "Standard"]

1. e4 {[%clk 0:15:08]}  d6 {[%clk 0:15:09]} 2. d4 {[%clk 0:15:11]}  Nf6 {[%clk 0:15:11]} 3. Nc3 {[%clk 0:15:14]}  e5 {[%clk 0:15:14]} 4. Nge2 {[%clk 0:15:13]}  Nbd7 {[%clk 0:15:10]} 5. h3 {[%clk 0:15:10]}  c6 {[%clk 0:15:13]} 6. g4 {[%clk 0:15:09]}  h6 {[%clk 0:15:12]} 7. Bg2 {[%clk 0:15:09]}  Be7 {[%clk 0:15:14]} 8. Be3 {[%clk 0:15:00]}  b5 {[%clk 0:14:42]} 9. a3 {[%clk 0:14:55]}  a5 {[%clk 0:14:31]} 10. f4 {[%clk 0:14:48]}  Bb7 {[%clk 0:13:22]} 11. Ng3 {[%clk 0:13:45]}  b4 {[%clk 0:12:54]} 12. axb4 {[%clk 0:13:27]}  axb4 {[%clk 0:12:58]} 13. Rxa8 {[%clk 0:13:10]}  Qxa8 {[%clk 0:13:00]} 14. Nce2 {[%clk 0:13:03]}  exd4 {[%clk 0:12:36]} 15. Nxd4 {[%clk 0:11:05]}  g6 {[%clk 0:10:28]} 16. g5 {[%clk 0:11:22]}  hxg5 {[%clk 0:10:03]} 17. fxg5 {[%clk 0:11:24]}  Nh5 {[%clk 0:09:58]} 18. Nxh5 {[%clk 0:08:15]}  Rxh5 {[%clk 0:05:33]} 19. O-O {[%clk 0:09:35]}  Bxg5 {[%clk 0:04:34]} 20. Bxg5 {[%clk 0:09:23]}  Rxg5 {[%clk 0:04:37]} 21. Qf3 {[%clk 0:09:18]}  Ne5 {[%clk 0:04:23]} 22. Qf6 {[%clk 0:09:01]}  Qa7 {[%clk 0:03:49]} 23. Qxg5 {[%clk 0:07:43]}  Qxd4+ {[%clk 0:03:51]} 24. Kh2 {[%clk 0:07:47]}  Qxb2 {[%clk 0:02:45]} 25. Qd2 {[%clk 0:07:08]}  Nc4 {[%clk 0:02:18]} 26. Qf4 {[%clk 0:05:28]}  Ne5 {[%clk 0:01:35]} 27. Qf6 {[%clk 0:04:36]}  Qd4 {[%clk 0:01:22]} 28. Qh8+ {[%clk 0:03:54]}  Kd7 {[%clk 0:01:21]} 29. Qb8 {[%clk 0:03:37]}  Ba6 {[%clk 0:00:56]} 30. Rb1 {[%clk 0:02:27]}  Qf2 {[%clk 0:00:08]} 31. Rb3 {[%clk 0:00:00]}  Qf4+ {[%clk 0:00:56]} 1/2-1/2

[Event "Rapid Tournament (RAP)"]
[Site "Biel, CH"]
[Date "2025.07.13"]
[Round "3"]
[White "Hardt, Winfried"]
[Black "Javet, Blaise"]
[Result "1/2-1/2"]
[Board "28"]
[WhiteFideId "1309293"]
[BlackFideId "1305026"]
[WhiteElo "1798"]
[BlackElo "1995"]
[WhiteTeam "SUI"]
[BlackTeam "SUI"]
[WhiteClock "0:00:06"]
[BlackClock "0:00:03"]
[Variant "Standard"]

1. e4 {[%clk 0:15:09]}  c5 {[%clk 0:15:09]} 2. d4 {[%clk 0:15:12]}  cxd4 {[%clk 0:15:10]} 3. Qxd4 {[%clk 0:15:16]}  Nc6 {[%clk 0:15:02]} 4. Qd3 {[%clk 0:14:48]}  e6 {[%clk 0:14:23]} 5. Nf3 {[%clk 0:14:08]}  Qc7 {[%clk 0:12:21]} 6. a3 {[%clk 0:12:51]}  Nf6 {[%clk 0:11:55]} 7. g3 {[%clk 0:11:39]}  Bc5 {[%clk 0:10:31]} 8. Be3 {[%clk 0:10:50]}  Bxe3 {[%clk 0:12:21]} 9. Qxe3 {[%clk 0:09:21]}  O-O {[%clk 0:10:58]} 10. Nc3 {[%clk 0:07:24]}  Ng4 {[%clk 0:10:05]} 11. Qd2 {[%clk 0:04:47]}  f5 {[%clk 0:05:45]} 12. Bg2 {[%clk 0:05:24]}  fxe4 {[%clk 0:05:01]} 13. Nxe4 {[%clk 0:05:06]}  d5 {[%clk 0:04:28]} 14. Nc3 {[%clk 0:04:24]}  Nce5 {[%clk 0:04:56]} 15. Qe2 {[%clk 0:03:17]}  Nxf3+ {[%clk 0:03:34]} 16. Bxf3 {[%clk 0:03:20]}  Ne5 {[%clk 0:03:38]} 17. Bg2 {[%clk 0:03:11]}  Nc4 {[%clk 0:02:18]} 18. O-O {[%clk 0:01:50]}  Nxb2 {[%clk 0:01:33]} 19. Nb5 {[%clk 0:01:31]}  Qc4 {[%clk 0:03:10]} 20. Qxc4 {[%clk 0:01:26]}  Nxc4 {[%clk 0:03:00]} 21. Rad1 {[%clk 0:01:08]}  Nb6 {[%clk 0:02:01]} 22. Rfe1 {[%clk 0:00:58]}  Bd7 {[%clk 0:02:04]} 23. Nc7 {[%clk 0:00:59]}  Rac8 {[%clk 0:01:52]} 24. Nxe6 {[%clk 0:01:01]}  Bxe6 {[%clk 0:01:54]} 25. Rxe6 {[%clk 0:01:05]}  Rxc2 {[%clk 0:01:57]} 26. Bxd5 {[%clk 0:00:49]}  Nxd5 {[%clk 0:01:27]} 27. Rxd5 {[%clk 0:00:58]}  Rfxf2 {[%clk 0:01:22]} 28. Rd7 {[%clk 0:00:11]}  Rg2+ {[%clk 0:00:55]} 29. Kf1 {[%clk 0:00:30]}  h6 {[%clk 0:00:16]} 30. Ree7 {[%clk 0:00:28]}  Rgf2+ {[%clk 0:00:15]} 31. Ke1 {[%clk 0:00:08]}  Rxh2 {[%clk 0:00:03]} 32. Rxg7+ {[%clk 0:00:06]} 1/2-1/2

[Event "Rapid Tournament (RAP)"]
[Site "Biel, CH"]
[Date "2025.07.13"]
[Round "3"]
[White "Doxarve, Nils"]
[Black "Fortier, Nicolas"]
[Result "1-0"]
[Board "29"]
[WhiteFideId "1340000"]
[BlackFideId "1308750"]
[WhiteElo "1990"]
[BlackElo "1816"]
[WhiteTeam "SUI"]
[BlackTeam "SUI"]
[WhiteClock "0:01:06"]
[BlackClock "0:00:43"]
[Variant "Standard"]

1. e4 {[%clk 0:15:06]}  e5 {[%clk 0:15:08]} 2. Nf3 {[%clk 0:15:09]}  Nc6 {[%clk 0:15:11]} 3. Bb5 {[%clk 0:15:13]}  a6 {[%clk 0:15:14]} 4. Ba4 {[%clk 0:15:16]}  Nf6 {[%clk 0:15:16]} 5. O-O {[%clk 0:15:17]}  Nxe4 {[%clk 0:15:17]} 6. d4 {[%clk 0:15:19]}  b5 {[%clk 0:15:19]} 7. Bb3 {[%clk 0:15:22]}  d5 {[%clk 0:15:19]} 8. dxe5 {[%clk 0:15:24]}  Be6 {[%clk 0:15:22]} 9. c3 {[%clk 0:15:28]}  Be7 {[%clk 0:14:46]} 10. Be3 {[%clk 0:15:05]}  O-O {[%clk 0:14:26]} 11. Nbd2 {[%clk 0:14:31]}  Nxd2 {[%clk 0:13:40]} 12. Qxd2 {[%clk 0:14:33]}  Na5 {[%clk 0:13:32]} 13. Bc2 {[%clk 0:12:42]}  Nc4 {[%clk 0:13:13]} 14. Qd3 {[%clk 0:12:46]}  g6 {[%clk 0:13:01]} 15. Bh6 {[%clk 0:12:49]}  Re8 {[%clk 0:12:42]} 16. b3 {[%clk 0:10:07]}  Nb6 {[%clk 0:10:12]} 17. Nd4 {[%clk 0:10:20]}  c5 {[%clk 0:09:22]} 18. Nc6 {[%clk 0:08:11]}  Qc7 {[%clk 0:08:47]} 19. Nxe7+ {[%clk 0:08:06]}  Qxe7 {[%clk 0:08:48]} 20. Qe3 {[%clk 0:07:30]}  Nd7 {[%clk 0:07:59]} 21. f4 {[%clk 0:07:08]}  f5 {[%clk 0:07:45]} 22. Rf3 {[%clk 0:06:45]}  Rac8 {[%clk 0:07:21]} 23. h4 {[%clk 0:05:36]}  d4 {[%clk 0:07:14]} 24. cxd4 {[%clk 0:05:21]}  cxd4 {[%clk 0:07:17]} 25. Qf2 {[%clk 0:05:24]}  Qc5 {[%clk 0:06:48]} 26. Bd3 {[%clk 0:05:14]}  Nb6 {[%clk 0:06:22]} 27. h5 {[%clk 0:05:06]}  Kf7 {[%clk 0:04:24]} 28. Qh4 {[%clk 0:04:50]}  Qe7 {[%clk 0:04:18]} 29. Bg5 {[%clk 0:04:49]}  Qf8 {[%clk 0:04:04]} 30. g4 {[%clk 0:01:37]}  Qg8 {[%clk 0:02:14]} 31. gxf5 {[%clk 0:01:15]}  gxf5 {[%clk 0:01:43]} 32. Rg3 {[%clk 0:01:13]}  Qh8 {[%clk 0:00:45]} 33. Bf6 {[%clk 0:01:05]}  Rg8 {[%clk 0:00:41]} 34. Bxh8 {[%clk 0:01:07]}  Rxh8 {[%clk 0:00:43]} 35. Qf6+ {[%clk 0:01:06]} 1-0

[Event "Rapid Tournament (RAP)"]
[Site "Biel, CH"]
[Date "2025.07.13"]
[Round "3"]
[White "Schmied, Stefan"]
[Black "Kwiatkowski, Maciej"]
[Result "1/2-1/2"]
[Board "30"]
[WhiteFideId "1335804"]
[BlackFideId "1360175"]
[WhiteElo "1798"]
[BlackElo "1982"]
[WhiteTeam "SUI"]
[BlackTeam "SUI"]
[WhiteClock "0:00:30"]
[BlackClock "0:01:48"]
[Variant "Standard"]

1. b3 {[%clk 0:15:08]}  c5 {[%clk 0:14:53]} 2. Bb2 {[%clk 0:15:11]}  Nc6 {[%clk 0:14:56]} 3. e3 {[%clk 0:15:14]}  d5 {[%clk 0:14:53]} 4. Bb5 {[%clk 0:15:16]}  Bd7 {[%clk 0:14:36]} 5. Nf3 {[%clk 0:15:19]}  e6 {[%clk 0:14:01]} 6. Bxc6 {[%clk 0:14:38]}  Bxc6 {[%clk 0:14:01]} 7. Ne5 {[%clk 0:14:41]}  Rc8 {[%clk 0:13:51]} 8. Qe2 {[%clk 0:13:10]}  Nf6 {[%clk 0:13:38]} 9. f4 {[%clk 0:13:01]}  Bd6 {[%clk 0:11:23]} 10. d3 {[%clk 0:11:20]}  O-O {[%clk 0:10:55]} 11. Nd2 {[%clk 0:10:50]}  b5 {[%clk 0:08:05]} 12. Nxc6 {[%clk 0:08:31]}  Rxc6 {[%clk 0:08:08]} 13. c4 {[%clk 0:08:27]}  bxc4 {[%clk 0:07:44]} 14. dxc4 {[%clk 0:08:05]}  d4 {[%clk 0:06:32]} 15. O-O {[%clk 0:07:20]}  dxe3 {[%clk 0:05:22]} 16. Qxe3 {[%clk 0:06:34]}  Be7 {[%clk 0:04:05]} 17. Rfd1 {[%clk 0:05:26]}  Rd6 {[%clk 0:03:59]} 18. Qe2 {[%clk 0:05:01]}  Qa8 {[%clk 0:03:01]} 19. Be5 {[%clk 0:03:10]}  Rd7 {[%clk 0:03:00]} 20. Nf3 {[%clk 0:03:07]}  Rfd8 {[%clk 0:02:58]} 21. Rxd7 {[%clk 0:02:54]}  Rxd7 {[%clk 0:02:57]} 22. Bxf6 {[%clk 0:02:15]}  Bxf6 {[%clk 0:02:58]} 23. Rd1 {[%clk 0:02:17]}  Rxd1+ {[%clk 0:02:07]} 24. Qxd1 {[%clk 0:02:21]}  Qe4 {[%clk 0:02:10]} 25. Qd2 {[%clk 0:02:06]}  h6 {[%clk 0:02:10]} 26. Kf2 {[%clk 0:01:49]}  Kh7 {[%clk 0:01:45]} 27. g3 {[%clk 0:01:29]}  g6 {[%clk 0:01:38]} 28. Qd7 {[%clk 0:01:02]}  Qc2+ {[%clk 0:01:34]} 29. Qd2 {[%clk 0:00:48]}  Bd4+ {[%clk 0:01:25]} 30. Kg2 {[%clk 0:00:29]}  Qe4 {[%clk 0:01:28]} 31. Qe1 {[%clk 0:00:16]}  Be3 {[%clk 0:01:24]} 32. Qe2 {[%clk 0:00:15]}  g5 {[%clk 0:01:24]} 33. fxg5 {[%clk 0:00:17]}  hxg5 {[%clk 0:01:27]} 34. h3 {[%clk 0:00:08]}  f5 {[%clk 0:01:27]} 35. Kf1 {[%clk 0:00:06]}  Qb1+ {[%clk 0:01:30]} 36. Kg2 {[%clk 0:00:09]}  Qe4 {[%clk 0:01:32]} 37. Kf1 {[%clk 0:00:07]}  g4 {[%clk 0:01:34]} 38. hxg4 {[%clk 0:00:10]}  Qb1+ {[%clk 0:01:35]} 39. Kg2 {[%clk 0:00:14]}  fxg4 {[%clk 0:01:38]} 40. Qxe3 {[%clk 0:00:14]}  gxf3+ {[%clk 0:01:40]} 41. Qxf3 {[%clk 0:00:16]}  Qxa2+ {[%clk 0:01:44]} 42. Kh3 {[%clk 0:00:21]}  Qb1 {[%clk 0:01:37]} 43. Qf7+ {[%clk 0:00:23]}  Kh6 {[%clk 0:01:40]} 44. Qf6+ {[%clk 0:00:23]}  Qg6 {[%clk 0:01:41]} 45. Qh8+ {[%clk 0:00:23]}  Qh7 {[%clk 0:01:44]} 46. Qf6+ {[%clk 0:00:26]}  Qg6 {[%clk 0:01:48]} 47. Qh8+ {[%clk 0:00:30]} 1/2-1/2

[Event "Rapid Tournament (RAP)"]
[Site "Biel, CH"]
[Date "2025.07.13"]
[Round "3"]
[White "Mikavica, Dragoljub"]
[Black "Tereshchenko, Eliza"]
[Result "1-0"]
[Board "31"]
[WhiteFideId "1308726"]
[BlackFideId "34389890"]
[WhiteElo "1980"]
[BlackElo "1808"]
[WhiteTeam "SUI"]
[BlackTeam "FID"]
[WhiteClock "0:03:46"]
[BlackClock "0:00:13"]
[Variant "Standard"]

1. Nf3 {[%clk 0:15:09]}  d5 {[%clk 0:15:08]} 2. g3 {[%clk 0:15:13]}  e6 {[%clk 0:15:06]} 3. Bg2 {[%clk 0:15:17]}  Nf6 {[%clk 0:15:08]} 4. c4 {[%clk 0:15:21]}  Be7 {[%clk 0:15:07]} 5. Nc3 {[%clk 0:15:24]}  O-O {[%clk 0:15:01]} 6. cxd5 {[%clk 0:15:25]}  exd5 {[%clk 0:15:02]} 7. d4 {[%clk 0:15:29]}  b6 {[%clk 0:14:25]} 8. O-O {[%clk 0:15:27]}  Bb7 {[%clk 0:14:28]} 9. Ne5 {[%clk 0:15:23]}  c5 {[%clk 0:13:39]} 10. Bg5 {[%clk 0:14:35]}  h6 {[%clk 0:13:26]} 11. Bxf6 {[%clk 0:14:55]}  Bxf6 {[%clk 0:13:26]} 12. Nf3 {[%clk 0:14:51]}  Nc6 {[%clk 0:13:03]} 13. e3 {[%clk 0:14:55]}  Qd7 {[%clk 0:12:32]} 14. Rc1 {[%clk 0:13:27]}  Rfd8 {[%clk 0:11:21]} 15. Ne2 {[%clk 0:14:13]}  Qd6 {[%clk 0:10:40]} 16. Re1 {[%clk 0:13:49]}  Rac8 {[%clk 0:10:10]} 17. b3 {[%clk 0:13:34]}  Ba6 {[%clk 0:09:39]} 18. Nf4 {[%clk 0:10:54]}  c4 {[%clk 0:07:01]} 19. bxc4 {[%clk 0:11:34]}  Bxc4 {[%clk 0:06:33]} 20. Nd2 {[%clk 0:11:05]}  Bxa2 {[%clk 0:04:29]} 21. Qa4 {[%clk 0:10:55]}  Nb4 {[%clk 0:04:11]} 22. Ra1 {[%clk 0:10:13]}  Bc4 {[%clk 0:03:58]} 23. Nxc4 {[%clk 0:10:02]}  Rxc4 {[%clk 0:03:50]} 24. Bxd5 {[%clk 0:08:33]}  Rc3 {[%clk 0:02:30]} 25. Be4 {[%clk 0:07:46]}  a5 {[%clk 0:02:12]} 26. Ne2 {[%clk 0:07:24]}  Rc7 {[%clk 0:02:10]} 27. Rac1 {[%clk 0:07:20]}  Rxc1 {[%clk 0:01:24]} 28. Rxc1 {[%clk 0:07:24]}  g6 {[%clk 0:01:10]} 29. Qb5 {[%clk 0:07:03]}  Kg7 {[%clk 0:00:59]} 30. Nf4 {[%clk 0:06:52]}  Qd7 {[%clk 0:00:44]} 31. Qxb6 {[%clk 0:06:30]}  Qa4 {[%clk 0:00:28]} 32. Qc7 {[%clk 0:05:53]}  Rd7 {[%clk 0:00:27]} 33. Qc4 {[%clk 0:05:46]}  Ra7 {[%clk 0:00:22]} 34. Nd5 {[%clk 0:05:40]}  Bd8 {[%clk 0:00:21]} 35. Qc5 {[%clk 0:05:03]}  Qe8 {[%clk 0:00:17]} 36. Qxa7 {[%clk 0:04:23]}  Qxe4 {[%clk 0:00:17]} 37. Nxb4 {[%clk 0:04:08]}  axb4 {[%clk 0:00:20]} 38. Qd7 {[%clk 0:03:51]}  b3 {[%clk 0:00:07]} 39. Qb5 {[%clk 0:03:37]}  Qe6 {[%clk 0:00:07]} 40. Qe5+ {[%clk 0:03:37]}  Qxe5 {[%clk 0:00:08]} 41. dxe5 {[%clk 0:03:40]}  Ba5 {[%clk 0:00:07]} 42. Rb1 {[%clk 0:03:40]}  Bc3 {[%clk 0:00:07]} 43. Rxb3 {[%clk 0:03:42]}  Bxe5 {[%clk 0:00:10]} 44. f4 {[%clk 0:03:44]}  Bd6 {[%clk 0:00:13]} 45. e4 {[%clk 0:03:46]} 1-0